000 00570nam a2200169 4500
001 127412
003 ES-MaACL
005 20230906193019.0
007 t|
008 070214s1965 sp r ||||1| spa d
100 1 _aRiera, Francisco Javier
_c(agrónomo)
_997102
245 1 0 _aCultivo del almendro /
_cFrancisco Javier Riera ; actualización del material recopilado por Juan Salom Galafell.
260 _aBarcelona :
_bAedos,
_c1965.
300 _a130 p., 6 lám. :
_bil. ;
_c20 cm.
700 1 _aSalom Galafell, Juan.
_9102012
852 _aES-MaACL
_jD-9309
_bR.58424
999 _c127412
_d127412